LEADER 00887nam0-22003011i-450- 001 990006166020403321 005 19980601 035 $a000616602 035 $aFED01000616602 035 $a(Aleph)000616602FED01 035 $a000616602 100 $a19980601d1979----km-y0itay50------ba 105 $a--------00-yy 200 1 $aCase Studies in Cost-Benefit Analysis$fKenneth J. Button, Peter J. Barker. 210 $aLondon$cHeinemann Educational Books$d1979 215 $a90 p.$d24 cm 225 1 $a"Case Studies in Economic Analysis"$v2 676 $a338.51 700 1$aButton,$bKenneth$f<1948- >$0128824 702 1$aBarker,$bPeter J. 801 0$aIT$bUNINA$gRICA$2UNIMARC 901 $aBK 912 $a990006166020403321 952 $aXV G2 3 (2)$b110829$fFGBC 959 $aFGBC 996 $aCase Studies in Cost-Benefit Analysis$9644598 997 $aUNINA DB $aGIU01 LEADER 01336nam 2200445 450 001 9910812168103321 005 20200520144314.0 010 $a1-61091-485-6 035 $a(CKB)3710000000409101 035 $a(MiAaPQ)EBC3317670 035 $a(Au-PeEL)EBL3317670 035 $a(CaPaEBR)ebr11051439 035 $a(OCoLC)923188667 035 $a(EXLCZ)993710000000409101 100 $a20150514h20152015 uy 0 101 0 $aeng 135 $aurcnu|||||||| 181 $2rdacontent 182 $2rdamedia 183 $2rdacarrier 200 10$aParking management for smart growth /$fRichard W. Willson 210 1$aWashington, District of Columbia :$cIsland Press,$d2015. 210 4$dİ2015 215 $a1 online resource (250 pages) $cillustrations, tables 311 $a1-61091-461-9 311 $a1-61091-425-2 320 $aIncludes bibliographical references and index. 606 $aAutomobile parking$xPlanning 606 $aParking facilities$xPlanning 615 0$aAutomobile parking$xPlanning. 615 0$aParking facilities$xPlanning. 676 $a388.474 700 $aWillson$b Richard$01628611 801 0$bMiAaPQ 801 1$bMiAaPQ 801 2$bMiAaPQ 906 $aBOOK 912 $a9910812168103321 996 $aParking management for smart growth$93965817 997 $aUNINA